000
00301nam a22001337a 4500
008
170613b xxu||||| |||| 00| 0 eng d
020
_a
9780333712566
041
_a
eng
080
_a
32
100
_a
19
101
_a
SHP
245
_a
THE GERMAN REVOLUTION OF 1848-49
_c
SIEMANN, W
942
_2
udc
_c
BK
999
_c
17102
_d
17102